Atomic spectra and atomic structure, (Record no. 8327)

MARC details
000 -LEADER
fixed length control field 01042nam a2200313 4500
001 - CONTROL NUMBER
control field 000
003 - CONTROL NUMBER IDENTIFIER
control field 000
005 - DATE AND TIME OF LATEST TRANSACTION
control field 20150522094106.0
008 - FIXED-LENGTH DATA ELEMENTS--GENERAL INFORMATION
fixed length control field 751201s1937 nyua b 000 0 eng
010 ## - LIBRARY OF CONGRESS CONTROL NUMBER
LC control number 37022192
035 ## - SYSTEM CONTROL NUMBER
System control number (OCoLC)1866933
040 ## - CATALOGING SOURCE
Original cataloging agency UOEL
Transcribing agency FMU
Modifying agency OCoLC
-- DLC
041 1# - LANGUAGE CODE
Language code of text/sound track or separate title eng
Language code of original ger
042 ## - AUTHENTICATION CODE
Authentication code premarc
050 00 - LIBRARY OF CONGRESS CALL NUMBER
Classification number QC454 .A8
Item number .H451937
082 ## - DEWEY DECIMAL CLASSIFICATION NUMBER
Classification number 535.84
100 1# - MAIN ENTRY--PERSONAL NAME
Personal name Herzberg, Gerhard,
Dates associated with a name 1904-1999.
240 10 - UNIFORM TITLE
Uniform title <a href="Atomspektren und Atomstruktur.">Atomspektren und Atomstruktur.</a>
Language of a work English
245 10 - TITLE STATEMENT
Title Atomic spectra and atomic structure,
Statement of responsibility, etc. by Gerhard Herzberg ... translated with the co-operation of the author by J.W.T. Spinks ...
260 ## - PUBLICATION, DISTRIBUTION, ETC. (IMPRINT)
Place of publication, distribution, etc. New York,
Name of publisher, distributor, etc. Prentice-Hall, inc.,
Date of publication, distribution, etc. 1937.
300 ## - PHYSICAL DESCRIPTION
Extent xiv p., 1 l., 257 p.
Other physical details illus., diagrs.
Dimensions 24 cm.
440 #0 - SERIES STATEMENT/ADDED ENTRY--TITLE
Title Prentice-Hall physics series
504 ## - BIBLIOGRAPHY, ETC. NOTE
Bibliography, etc Bibliography: p. [235]-242.
650 #0 - SUBJECT ADDED ENTRY--TOPICAL TERM
Topical term or geographic name as entry element Spectrum analysis.
Topical term or geographic name as entry element Atoms.
700 1# - ADDED ENTRY--PERSONAL NAME
Personal name Spinks, J. W. T.
Fuller form of name (John William Tranter),
Dates associated with a name 1908-1997,
Relator term tr.
906 ## - LOCAL DATA ELEMENT F, LDF (RLIN)
a 7
b cbc
c oclcrpl
d u
e ncip
f 19
g y-gencatlg
942 ## - ADDED ENTRY ELEMENTS (KOHA)
Source of classification or shelving scheme Library of Congress Classification
Koha item type Loan - Normal on open shelf
Holdings
Withdrawn status Lost status Source of classification or shelving scheme Damaged status Not for loan Home library Current library Shelving location Date acquired Total Checkouts Full call number Barcode Date last seen Date checked out Copy number Price effective from Koha item type
    Library of Congress Classification     UOE Main Library UOE Main Library Open shelf 22/05/2015 1 QC454 .A8 .H451937 10025995 27/04/2026 24/11/2018 10025995 22/05/2015 Loan - Normal on open shelf